000 00274nam a22001217a 4500
008 170615b xxu||||| |||| 00| 0 eng d
041 _aeng
080 _a32
100 _a19
101 _aSHP
245 _aPATTERNS OF CONFLICT IN COLOMBIA
_cPAYNE.J.L
942 _2udc
_cBK
999 _c17498
_d17498